Normal view
MARC view
Entry Personal Name
001 - CONTROL NUMBER
- control field: 21457
003 - CONTROL NUMBER IDENTIFIER
- control field: ARRUPE
005 - DATE AND TIME OF LATEST TRANSACTION
- control field: 20160111124447.0
008 - FIXED-LENGTH DATA ELEMENTS
- fixed length control field: 160111|| aca||aabn | a|a d
040 ## - CATALOGING SOURCE
- Original cataloging agency: ARRUPE
- Transcribing agency: ARRUPE
100 ## - HEADING--PERSONAL NAME
- Personal name: Johnson, Mark,
- Dates associated with a name: 1949-
670 ## - SOURCE DATA FOUND
- Source citation: Work cat.: (ARRUPE)0: Johnson, Mark, 1949-, The meaning of the body :, 2007.